[Event "GER-ch U18 Girls"]
[Site "Willingen"]
[Date "2021.08.29"]
[Round "9"]
[White "Schneider, Katharina"]
[Black "Bui, Ngoc Han Julia"]
[Result "1-0"]
[WhiteElo "1738"]
[BlackElo "1891"]
[PlyCount "51"]
[EventDate "2021.08.22"]
[EventType "swiss"]
[EventRounds "9"]
[EventCountry "GER"]
[SourceTitle "EXT 2022"]
[Source "ChessBase"]
[SourceDate "2021.10.06"]
[SourceVersion "1"]
[SourceVersionDate "2021.10.06"]
[SourceQuality "1"]

1. e4 c5 2. c3 d6 3. d4 Nd7 4. Nf3 e6 5. Be3 b6 6. Nbd2 Bb7 7. Qc2 Be7 8. Bd3 Rc8 9. 0-0 cxd4 10. Nxd4 Ngf6 11. f4 Ng4 12. Rae1 h5 13. N2f3 Nxe3 14. Rxe3 a6 15. e5 Nc5 16. f5 dxe5 17. Nxe5 Nxd3 18. Rxd3 Bc5 19. Qe2 Qe7 20. Kh1 Bxd4 21. Rxd4 exf5 22. Rxf5 f6 23. Rxh5 0-0 24. Rd7 Qe8 25. Rxg7+ Kxg7 26. Qg4+ 1-0

[Event "GER-chT U20 Girls"]
[Site "Willingen"]
[Date "2021.06.27"]
[Round "7.1"]
[White "Schneider, Katharina"]
[Black "Peglau, Dora"]
[Result "0-1"]
[WhiteElo "1744"]
[BlackElo "1673"]
[PlyCount "60"]
[EventDate "2021.06.23"]
[EventType "team-swiss"]
[EventRounds "7"]
[EventCountry "GER"]
[SourceTitle "CBM 203 Extra"]
[Source "ChessBase"]
[SourceDate "2021.09.30"]
[SourceVersion "1"]
[SourceVersionDate "2021.09.30"]
[SourceQuality "1"]
[WhiteTeam "Baden-Baden"]
[BlackTeam "Seeblick"]
[WhiteTeamCountry "GER"]
[BlackTeamCountry "GER"]

1. e4 c6 2. d4 d5 3. f3 e6 4. Nc3 b5 5. a3 a5 6. Bf4 Ba6 7. Nge2 Nf6 8. e5 Nfd7 9. g4 c5 10. h4 Nc6 11. a4 bxa4 12. Nxa4 Bxe2 13. Bxe2 Nxd4 14. c3 Nxe2 15. Qxe2 Be7 16. Bg3 0-0 17. g5 Rb8 18. f4 Nb6 19. h5 Nxa4 20. Rxa4 Qb6 21. Rh2 Qb5 22. Qc2 Bd8 23. Ra3 c4 24. g6 fxg6 25. hxg6 h6 26. Qe2 Qc5 27. Kf1 Bb6 28. Rg2 Qe3 29. Qg4 Qc1+ 30. Be1 Rxf4+ 0-1

[Event "GER-chT U20 Girls"]
[Site "Willingen"]
[Date "2021.06.25"]
[Round "4.1"]
[White "Schneider, Katharina"]
[Black "Pohle, Saskia"]
[Result "1-0"]
[WhiteElo "1744"]
[BlackElo "1815"]
[PlyCount "77"]
[EventDate "2021.06.23"]
[EventType "team-swiss"]
[EventRounds "7"]
[EventCountry "GER"]
[SourceTitle "CBM 203 Extra"]
[Source "ChessBase"]
[SourceDate "2021.09.30"]
[SourceVersion "1"]
[SourceVersionDate "2021.09.30"]
[SourceQuality "1"]
[WhiteTeam "Baden-Baden"]
[BlackTeam "Halle USV"]
[WhiteTeamCountry "GER"]
[BlackTeamCountry "GER"]

1. e4 e5 2. Nf3 Nc6 3. d4 exd4 4. Bc4 Nf6 5. e5 d5 6. Bb5 Ne4 7. Nxd4 Bd7 8. Bxc6 bxc6 9. 0-0 Bc5 10. f3 Ng5 11. f4 Ne4 12. Be3 Bb6 13. Nd2 Nxd2 14. Qxd2 c5 15. Nf3 Bf5 16. c3 0-0 17. Rad1 c6 18. Bf2 Qc7 19. b3 Rad8 20. Qe2 Rfe8 21. Nh4 Be4 22. Qg4 Qd7 23. Qg5 h6 24. Qg3 d4 25. f5 Kh7 26. Qf4 Bc2 27. Rd2 d3 28. f6 Qe6 29. Re1 Bc7 30. Qg3 g6 31. Nf3 Ba5 32. Qh4 Qf5 33. Qc4 Qe6 34. Qh4 Qf5 35. Be3 h5 36. Qc4 Kg8 37. Bxc5 Qe6 38. Qf4 Qd5 39. b4 1-0

[Event "Baden-ch U20"]
[Site "Karlsruhe"]
[Date "2020.01.03"]
[Round "2"]
[White "Basovskiy, Jana"]
[Black "Schneider, Katharina"]
[Result "0-1"]
[WhiteElo "1791"]
[BlackElo "1672"]
[PlyCount "62"]
[EventDate "2020.01.02"]
[EventType "swiss"]
[EventRounds "7"]
[EventCountry "GER"]
[SourceTitle "CBM 194 Extra"]
[Source "ChessBase"]
[SourceDate "2020.03.31"]
[SourceVersion "1"]
[SourceVersionDate "2020.03.31"]
[SourceQuality "1"]

1. e4 e5 2. Nf3 Nc6 3. Bc4 Bc5 4. c3 Nf6 5. d3 a6 6. Nbd2 Ba7 7. 0-0 d6 8. Bb3 h6 9. h3 g5 10. Nc4 g4 11. hxg4 Bxg4 12. Ne3 Rg8 13. Nxg4 Nxg4 14. Qe2 Qf6 15. Be3 0-0-0 16. Bxa7 Nxa7 17. Nh2 h5 18. Qf3 Qh4 19. Nxg4 hxg4 20. Qg3 Qh5 21. f3 Rdf8 22. f4 Nc6 23. Bd1 f5 24. Bb3 Rg6 25. fxe5 Nxe5 26. Rxf5 Rxf5 27. exf5 Qxf5 28. Bd1 Nf3+ 29. Kf2 Nh2+ 30. Ke2 Re6+ 31. Kd2 Nf1+ 0-1

[Event "GER-ch U16 Girls"]
[Site "Willingen"]
[Date "2019.06.14"]
[Round "8"]
[White "Genova, Magdalina"]
[Black "Schneider, Katharina"]
[Result "0-1"]
[WhiteElo "1421"]
[BlackElo "1784"]
[PlyCount "78"]
[EventDate "2019.06.08"]
[EventType "swiss"]
[EventRounds "9"]
[EventCountry "GER"]
[SourceTitle "CBM 191 Extra"]
[Source "ChessBase"]
[SourceDate "2019.09.30"]
[SourceVersion "1"]
[SourceVersionDate "2019.09.30"]
[SourceQuality "1"]

1. c4 c5 2. Nc3 Nf6 3. g3 d5 4. cxd5 Nxd5 5. Bg2 Nc7 6. d3 e5 7. Nf3 Nc6 8. 0-0 Be7 9. b3 Be6 10. Bb2 f6 11. Nd2 0-0 12. Nc4 Qd7 13. Re1 Rac8 14. Ne4 b6 15. a4 Rfd8 16. Ned2 Nd5 17. a5 b5 18. Ne3 a6 19. Ne4 Nd4 20. Nxd5 Bxd5 21. Nd2 Bxg2 22. Kxg2 f5 23. Rc1 Bg5 24. e3 Qd5+ 25. e4 fxe4 26. dxe4 Qe6 27. Rc3 Nxb3 28. Qxb3 c4 29. Nxc4 bxc4 30. Qc2 Bd2 31. Rc1 Bxc3 32. Bxc3 Rd3 33. Qb2 Qg4 34. Bxe5 Qxe4+ 35. Kg1 Rcd8 36. Qa1 Qf3 37. Re1 Rd1 38. Qc3 Rxe1+ 39. Qxe1 Rd1 0-1

[Event "GER-ch U16 Girls"]
[Site "Willingen"]
[Date "2019.06.09"]
[Round "1"]
[White "Bui, Ngoc Han Julia"]
[Black "Schneider, Katharina"]
[Result "1-0"]
[WhiteElo "1973"]
[BlackElo "1784"]
[PlyCount "105"]
[EventDate "2019.06.08"]
[EventType "swiss"]
[EventRounds "9"]
[EventCountry "GER"]
[SourceTitle "CBM 191 Extra"]
[Source "ChessBase"]
[SourceDate "2019.09.30"]
[SourceVersion "1"]
[SourceVersionDate "2019.09.30"]
[SourceQuality "1"]

1. e4 e5 2. Nf3 Nc6 3. Bb5 a6 4. Ba4 Nf6 5. d3 b5 6. Bb3 Bc5 7. 0-0 d6 8. a4 b4 9. a5 Bg4 10. Ba4 Bd7 11. c3 0-0 12. Nbd2 Ne7 13. Bb3 bxc3 14. bxc3 Ng6 15. Nc4 Ba7 16. Be3 Qc8 17. Re1 Bg4 18. Bxa7 Rxa7 19. Ne3 Be6 20. Bc2 Ng4 21. d4 Nxe3 22. Rxe3 Bg4 23. h3 Be6 24. Ng5 Bd7 25. Qh5 h6 26. Nxf7 Rxf7 27. Qxg6 Rf6 28. Qg3 Qf8 29. dxe5 dxe5 30. Bb3+ Kh8 31. Rd1 c6 32. Red3 Be8 33. Rd8 Qe7 34. Qd3 Kh7 35. Bc4 c5 36. Qd5 Bf7 37. Qd3 Bxc4 38. Qxc4 Rf7 39. R8d6 Qh4 40. R1d2 Qf4 41. g3 Qf3 42. Qd3 Rf6 43. Rd5 Qh5 44. Kg2 Rc7 45. c4 Qe8 46. Rd6 Rc6 47. Rxf6 Rxf6 48. Qd5 Qe7 49. Rb2 Qc7 50. Rb7 Qxa5 51. Qxe5 Qa3 52. Qxf6 Kh8 53. Qxg7# 1-0

[Event "GER-chT U14 Girls"]
[Site "Neumuenster"]
[Date "2018.12.29"]
[Round "6.2"]
[White "Schneider, Katharina"]
[Black "Pflugradt, Natalie"]
[Result "1-0"]
[WhiteElo "1731"]
[BlackElo "1472"]
[PlyCount "55"]
[EventDate "2018.12.27"]
[EventType "team-swiss"]
[EventRounds "7"]
[EventCountry "GER"]
[SourceTitle "CBM 188 Extra"]
[Source "ChessBase"]
[SourceDate "2019.02.26"]
[SourceVersion "1"]
[SourceVersionDate "2019.02.26"]
[SourceQuality "1"]
[WhiteTeam "Sasbach"]
[BlackTeam "Stadtilm Blau Weiss"]
[WhiteTeamCountry "GER"]
[BlackTeamCountry "GER"]

1. e4 e5 2. Nf3 Nc6 3. Bc4 Bc5 4. c3 Nf6 5. d4 exd4 6. cxd4 Bb4+ 7. Bd2 Bxd2+ 8. Nbxd2 d5 9. exd5 Nxd5 10. Qb3 Nce7 11. 0-0 0-0 12. Rfe1 c6 13. a4 h6 14. h3 Qb6 15. Qa3 Bf5 16. Rxe7 Nxe7 17. Qxe7 Rae8 18. Bxf7+ Rxf7 19. Qxe8+ Rf8 20. Qe3 Qc7 21. Re1 Bh7 22. Qe6+ Kh8 23. Qe7 Qxe7 24. Rxe7 Rb8 25. Ne5 Kg8 26. Ndf3 a6 27. Nd7 Rd8 28. Nc5 1-0

[Event "GER-chT U14 Girls"]
[Site "Neumuenster"]
[Date "2018.12.27"]
[Round "1.2"]
[White "Gutmann, Anna"]
[Black "Schneider, Katharina"]
[Result "1-0"]
[WhiteElo "1499"]
[BlackElo "1731"]
[PlyCount "101"]
[EventDate "2018.12.27"]
[EventType "team-swiss"]
[EventRounds "7"]
[EventCountry "GER"]
[SourceTitle "CBM 188 Extra"]
[Source "ChessBase"]
[SourceDate "2019.02.26"]
[SourceVersion "1"]
[SourceVersionDate "2019.02.26"]
[SourceQuality "1"]
[WhiteTeam "Weisse Dame"]
[BlackTeam "Sasbach"]
[WhiteTeamCountry "GER"]
[BlackTeamCountry "GER"]

1. e4 e5 2. Nf3 Nc6 3. d4 exd4 4. Nxd4 Nf6 5. Nxc6 bxc6 6. e5 Qe7 7. Qe2 Nd5 8. Nd2 Nb4 9. Nf3 d5 10. c3 Ba6 11. Qd1 Bxf1 12. Kxf1 Na6 13. Bg5 Qc5 14. Nd4 h6 15. Be3 Qc4+ 16. Kg1 c5 17. Nf3 c6 18. h3 Be7 19. Kh2 0-0 20. Re1 Nc7 21. Qd2 Ne6 22. b3 Qb5 23. Rad1 Rad8 24. Qc2 Qb8 25. Qf5 a5 26. Qg4 Kh8 27. Nh4 Bg5 28. Bxg5 Nxg5 29. Nf5 Qc8 30. f4 Ne6 31. Qh4 Kh7 32. Re3 Nc7 33. Qh5 Qe6 34. Rg3 Rg8 35. Nd6 g6 36. Qf3 Rgf8 37. Nb7 Na6 38. Nxa5 f6 39. Qe3 f5 40. Nb7 Rb8 41. Nxc5 Nxc5 42. Qxc5 Ra8 43. a4 Rfb8 44. c4 dxc4 45. Rd6 Qf7 46. e6 Qe8 47. Rd7+ Kg8 48. Qe5 Qxd7 49. exd7 cxb3 50. Rxg6+ Kf8 51. Qf6# 1-0

[Event "GER-ch U14 Girls"]
[Site "Willingen"]
[Date "2018.05.23"]
[Round "6"]
[White "Schneider, Katharina"]
[Black "Reuter, Elisa"]
[Result "1/2-1/2"]
[WhiteElo "1600"]
[BlackElo "1770"]
[PlyCount "105"]
[EventDate "2018.05.19"]
[EventType "swiss"]
[EventRounds "9"]
[EventCountry "GER"]
[SourceTitle "CBM 184 Extra"]
[Source "ChessBase"]
[SourceDate "2018.06.28"]
[SourceVersion "1"]
[SourceVersionDate "2018.06.28"]
[SourceQuality "1"]

1. e4 c5 2. Nf3 Nc6 3. d4 cxd4 4. Nxd4 g6 5. Nc3 Bg7 6. Be3 Nf6 7. Bc4 Qa5 8. f3 Qb4 9. Bb3 Nxe4 10. fxe4 Nxd4 11. a3 Qd6 12. Bxd4 Qxd4 13. Qf3 Qf6 14. 0-0 Qxf3 15. Rxf3 0-0 16. Nd5 Bd4+ 17. Kh1 Bc5 18. Raf1 e6 19. Nf6+ Kg7 20. Ba4 d6 21. Ne8+ Kg8 22. Rh3 h5 23. b4 Bd4 24. Nxd6 Be5 25. Nc4 Bg7 26. Rhf3 f6 27. Nd6 e5 28. Bb3+ Kh7 29. Nxc8 Raxc8 30. Rd3 Rc7 31. Rfd1 Re8 32. Rd7 Re7 33. Rxe7 Rxe7 34. Rf1 Rd7 35. Bd5 b6 36. c4 Rc7 37. h3 h4 38. Kh2 Kh6 39. g3 hxg3+ 40. Kxg3 Kg5 41. h4+ Kh6 42. Kg4 Rc8 43. Rh1 Rf8 44. Rf1 Rc8 45. Rh1 Rf8 46. Be6 Re8 47. Bd5 Rf8 48. Rf1 Rc8 49. a4 Rc7 50. b5 Rc8 51. Rd1 Rd8 52. Rc1 Bf8 53. Rf1 1/2-1/2

[Event "GER-ch U14 Girls"]
[Site "Willingen"]
[Date "2018.05.21"]
[Round "3"]
[White "Peglau, Mirjam"]
[Black "Schneider, Katharina"]
[Result "1-0"]
[WhiteElo "1844"]
[BlackElo "1600"]
[PlyCount "171"]
[EventDate "2018.05.19"]
[EventType "swiss"]
[EventRounds "9"]
[EventCountry "GER"]
[SourceTitle "CBM 184 Extra"]
[Source "ChessBase"]
[SourceDate "2018.06.28"]
[SourceVersion "1"]
[SourceVersionDate "2018.06.28"]
[SourceQuality "1"]

1. e4 e5 2. Nf3 Nc6 3. Bc4 Bc5 4. d3 Nf6 5. Bg5 h6 6. Bh4 g5 7. Bg3 d6 8. Nc3 Bg4 9. h4 Bxf3 10. gxf3 Nh5 11. Nd5 Bb6 12. c3 Nf4 13. hxg5 Qxg5 14. Bxf4 exf4 15. d4 0-0-0 16. Qd3 f5 17. Nxb6+ cxb6 18. Be6+ Kb8 19. Bxf5 h5 20. 0-0-0 h4 21. Rdg1 Qh6 22. Rg4 Rdg8 23. Qc4 Rxg4 24. Bxg4 Qg5 25. Qe6 Rd8 26. Qf5 Qxf5 27. Bxf5 Rh8 28. Bh3 Rg8 29. Kd2 Kc7 30. Ke2 Kd8 31. Kf1 Ke7 32. Rg1 Rxg1+ 33. Kxg1 Kf6 34. Bc8 Nd8 35. Kh2 b5 36. Kh3 Kg5 37. b4 Kh5 38. e5 dxe5 39. dxe5 Nc6 40. e6 b6 41. Bd7 Ne7 42. Bxb5 Kg5 43. Bc4 Kh5 44. Bb3 Kg5 45. a3 Ng6 46. Bd5 Kf6 47. Kg4 Ne7 48. c4 Nf5 49. Be4 Nd6 50. c5 bxc5 51. bxc5 Ne8 52. Kxf4 Kxe6 53. Kg4 Ke5 54. Kxh4 Kf4 55. c6 Nc7 56. Kh5 a5 57. a4 Ne6 58. Kg6 Ke5 59. Kf7 Kd6 60. Ke8 Nc5 61. Kd8 Ne6+ 62. Kc8 Nc5 63. Kb8 Ne6 64. Kb7 Nc5+ 65. Kb6 Nxa4+ 66. Kxa5 Nc5 67. Kb6 Ne6 68. Bf5 Nc7 69. Bd7 Nd5+ 70. Kb7 Ne7 71. f4 Nd5 72. f5 Ne7 73. f6 Nd5 74. f7 Ke7 75. Be8 Kf8 76. c7 Nxc7 77. Kxc7 Ke7 78. f4 Kf8 79. Kd7 Kg7 80. Ke7 Kg6 81. f8Q+ Kh7 82. Qf5+ Kh8 83. Qh5+ Kg7 84. Qg6+ Kh8 85. Qh6+ Kg8 86. Bf7# 1-0

[Event "GER-ch U14 Girls"]
[Site "Willingen"]
[Date "2017.06.08"]
[Round "7"]
[White "Schneider, Katharina"]
[Black "Wagner, Victoria"]
[Result "1-0"]
[WhiteElo "1484"]
[BlackElo "1512"]
[PlyCount "107"]
[EventDate "2017.06.04"]
[EventType "swiss"]
[EventRounds "9"]
[EventCountry "GER"]
[SourceTitle "CBM 178 Extra"]
[Source "ChessBase"]
[SourceDate "2017.06.22"]
[SourceVersion "1"]
[SourceVersionDate "2017.06.22"]
[SourceQuality "1"]

1. e4 c5 2. Nf3 d6 3. d4 cxd4 4. Nxd4 Nf6 5. Nc3 a6 6. f3 e6 7. Be3 b5 8. a3 Bb7 9. Be2 Nbd7 10. Qd2 Rc8 11. 0-0 d5 12. exd5 Nxd5 13. Nxd5 Bxd5 14. a4 Nb6 15. axb5 Nc4 16. Bxc4 Bxc4 17. Rfd1 Bxb5 18. Nxb5 Qxd2 19. Nc7+ Rxc7 20. Rxd2 Rc6 21. Rad1 Be7 22. c3 0-0 23. Rd7 Bc5 24. Bxc5 Rxc5 25. Ra7 a5 26. Ra1 Rb5 27. Ra2 h6 28. R7xa5 Rb3 29. R5a3 Rb6 30. b4 Rc8 31. Rb3 Rbc6 32. Rc2 Rc4 33. Kf2 Kf8 34. Ke3 Rd8 35. Rd2 Rdc8 36. Kd3 Ke7 37. Kc2 Ra8 38. b5 Rb8 39. Kd3 Rc5 40. Rdb2 Rb6 41. c4 Kd7 42. Ra3 Kc7 43. Ra7+ Rb7 44. b6+ Kc6 45. Rxb7 Kxb7 46. Kd4 Rc6 47. c5 Rc8 48. Kc4 Kc6 49. Rd2 Rf8 50. Rd6+ Kb7 51. Kb5 Kb8 52. c6 Rc8 53. b7 Re8 54. Kb6 1-0

[Event "GER-chT U14 Girls"]
[Site "Duesseldorf"]
[Date "2016.12.28"]
[Round "3.3"]
[White "Grey, Andrea"]
[Black "Schneider, Katharina"]
[Result "1/2-1/2"]
[WhiteElo "1526"]
[BlackElo "1447"]
[PlyCount "121"]
[EventDate "2016.12.27"]
[EventType "team-swiss"]
[EventRounds "7"]
[EventCountry "GER"]
[SourceTitle "EXT 2018"]
[Source "ChessBase"]
[SourceDate "2017.10.13"]
[SourceVersion "1"]
[SourceVersionDate "2017.10.13"]
[SourceQuality "1"]
[WhiteTeam "Berlin Schachpinguine"]
[BlackTeam "Sasbach"]
[WhiteTeamCountry "GER"]
[BlackTeamCountry "GER"]

1. c4 c6 2. Nc3 Nf6 3. d4 d5 4. e3 Bf5 5. b3 e6 6. a3 c5 7. Nf3 Nc6 8. Bb2 a6 9. Be2 dxc4 10. bxc4 Qc7 11. 0-0 Rd8 12. Qd2 e5 13. d5 Be7 14. Qc1 Na5 15. Nd2 0-0 16. f3 Rb8 17. e4 Bd7 18. a4 Nh5 19. Rd1 Bg5 20. Qc2 Be3+ 21. Kh1 Nf4 22. Bf1 Qb6 23. Rab1 Qg6 24. Ne2 f5 25. Bxe5 Nxe2 26. Bxe2 Rbc8 27. Bb2 Qh6 28. Bf1 fxe4 29. Nxe4 Bf5 30. Re1 Rce8 31. Bc1 Bxe4 32. fxe4 Bxc1 33. Rbxc1 Qf4 34. Kg1 Rf6 35. Qe2 Rh6 36. h3 Qg5 37. Qe3 Qe5 38. Qc3 Qc7 39. e5 b6 40. e6 Rf6 41. Rcd1 Nb7 42. Qe5 Qc8 43. Rb1 Qd8 44. e7 Qd7 45. Rbd1 Rd6 46. Ra1 Rf6 47. Rad1 Rd6 48. Ra1 Rf6 49. Bd3 a5 50. Bc2 Nd6 51. Bd3 Nf7 52. Qe4 Rg6 53. Qe2 Rf6 54. Qe4 Rg6 55. Qe2 Rf6 56. Qh5 Rh6 57. Bf5 Qd6 58. Qe2 Rf6 59. Bg4 Nh6 60. Rad1 Nxg4 61. Qxg4 1/2-1/2

[Event "GER-ch U12 Girls"]
[Site "Willingen"]
[Date "2016.05.21"]
[Round "11"]
[White "Schneider, Katharina"]
[Black "Liu, Sijia Anna"]
[Result "0-1"]
[WhiteElo "1385"]
[BlackElo "1357"]
[PlyCount "174"]
[EventDate "2016.05.15"]
[EventType "swiss"]
[EventRounds "11"]
[EventCountry "GER"]
[SourceTitle "CBM 172 Extra"]
[Source "ChessBase"]
[SourceDate "2016.06.21"]
[SourceVersion "1"]
[SourceVersionDate "2016.06.21"]
[SourceQuality "1"]

1. e4 c5 2. Nf3 Nc6 3. d4 cxd4 4. Nxd4 g6 5. c4 Bg7 6. Be3 Nf6 7. Nc3 0-0 8. Be2 d6 9. 0-0 Bd7 10. f3 Rc8 11. Qd2 Ne5 12. b3 a6 13. Qc1 Qc7 14. Nd5 Nxd5 15. cxd5 Qc3 16. Qxc3 Rxc3 17. Bd2 Rcc8 18. Rac1 Nd3 19. Bxd3 Bxd4+ 20. Kh1 Bb2 21. Rb1 Bc3 22. Rfd1 Rc7 23. Bxc3 Rxc3 24. h3 f5 25. Rbc1 Rfc8 26. Rxc3 Rxc3 27. Kg1 Kf7 28. Kf1 Kf6 29. Ke2 f4 30. Kd2 Rc5 31. Rc1 Rxc1 32. Kxc1 e6 33. dxe6 Bxe6 34. Kd2 d5 35. exd5 Bxd5 36. Ke2 Ke5 37. Kd2 Kd4 38. Bf1 a5 39. Bb5 Bc6 40. Bc4 b5 41. Bg8 h6 42. Bf7 g5 43. a3 b4 44. a4 Bd7 45. Bg6 Be6 46. Bc2 h5 47. Bd1 Bf5 48. Be2 Ke5 49. Bd3 Be6 50. Bc2 g4 51. hxg4 hxg4 52. fxg4 Bxg4 53. Bd1 Bxd1 54. Kxd1 Kd4 55. Kd2 Ke4 56. Ke2 Kd4 57. Kd2 Ke5 58. Ke2 Ke4 59. Kf2 Kd3 60. Kf3 Kc3 61. Kxf4 Kxb3 62. g4 Kxa4 63. g5 b3 64. g6 b2 65. g7 b1Q 66. g8Q Qb4+ 67. Ke3 Qb3+ 68. Qxb3+ Kxb3 69. Kd2 Kb2 70. Kd3 a4 71. Kc4 a3 72. Kb4 a2 73. Kc5 a1Q 74. Kd5 Qa4 75. Kc5 Qe4 76. Kb5 Qd4 77. Kc6 Kb3 78. Kb5 Qc4+ 79. Kb6 Qd5 80. Kc7 Qe6 81. Kb7 Qd6 82. Ka7 Qc6 83. Kb8 Qd7 84. Ka8 Kb4 85. Kb8 Kb5 86. Ka8 Kb6 87. Kb8 Qb7# 0-1

[Event "GER-ch U12 Girls"]
[Site "Willingen"]
[Date "2016.05.18"]
[Round "7"]
[White "Ziegenfuss, Antonia"]
[Black "Schneider, Katharina"]
[Result "1-0"]
[WhiteElo "1593"]
[BlackElo "1385"]
[PlyCount "139"]
[EventDate "2016.05.15"]
[EventType "swiss"]
[EventRounds "11"]
[EventCountry "GER"]
[SourceTitle "CBM 172 Extra"]
[Source "ChessBase"]
[SourceDate "2016.06.21"]
[SourceVersion "1"]
[SourceVersionDate "2016.06.21"]
[SourceQuality "1"]

1. e4 e5 2. Nf3 Nc6 3. Bc4 Bc5 4. d3 Nf6 5. c3 a6 6. Nbd2 0-0 7. h3 d6 8. Bb3 Ba7 9. Nf1 Ne7 10. Ng3 h6 11. 0-0 Ng6 12. Be3 Be6 13. Bc2 c5 14. d4 cxd4 15. cxd4 exd4 16. Bxd4 Bxd4 17. Nxd4 Qd7 18. Rc1 Bc4 19. Re1 Rfe8 20. Ba4 b5 21. Rxc4 bxa4 22. Rxa4 d5 23. Ndf5 dxe4 24. Qxd7 Nxd7 25. Raxe4 Rxe4 26. Nxe4 Rb8 27. b3 Rb5 28. Ned6 Ra5 29. a4 Rd5 30. b4 Re5 31. Rxe5 Ngxe5 32. a5 Nc6 33. b5 axb5 34. a6 Na7 35. Ne7+ Kh7 36. Nec8 Nc6 37. Nxb5 Nc5 38. a7 Nxa7 39. Ncxa7 Ne6 40. g3 g5 41. Nd6 Kg6 42. Nc6 f6 43. Kg2 h5 44. Kf3 h4 45. Kg4 hxg3 46. fxg3 Ng7 47. Ne7+ Kh6 48. Nef5+ Nxf5 49. Nxf5+ Kg6 50. Nd6 Kh6 51. Kf5 Kh5 52. Kxf6 g4 53. h4 Kh6 54. Kf5 Kh5 55. Ne4 Kh6 56. Kxg4 Kg6 57. h5+ Kh6 58. Kh4 Kh7 59. g4 Kg7 60. g5 Kh7 61. Nf6+ Kg7 62. h6+ Kg6 63. Ng4 Kh7 64. Kh5 Kh8 65. Kg6 Kg8 66. h7+ Kh8 67. Kf7 Kxh7 68. g6+ Kh8 69. g7+ Kh7 70. g8Q# 1-0

[Event "GER-ch U12 Girls"]
[Site "Willingen"]
[Date "2016.05.16"]
[Round "3"]
[White "Schneider, Katharina"]
[Black "Bayer, Melissa"]
[Result "1/2-1/2"]
[WhiteElo "1385"]
[BlackElo "1303"]
[PlyCount "120"]
[EventDate "2016.05.15"]
[EventType "swiss"]
[EventRounds "11"]
[EventCountry "GER"]
[SourceTitle "CBM 172 Extra"]
[Source "ChessBase"]
[SourceDate "2016.06.21"]
[SourceVersion "1"]
[SourceVersionDate "2016.06.21"]
[SourceQuality "1"]

1. e4 e5 2. Nf3 Nc6 3. d4 exd4 4. Bc4 Nf6 5. e5 d5 6. Bb5 Ne4 7. Nxd4 Bd7 8. Bxc6 bxc6 9. 0-0 Be7 10. f3 Ng5 11. f4 Ne4 12. Be3 Qc8 13. Nd2 Bg4 14. Qe1 Nxd2 15. Qxd2 c5 16. Nc6 Qd7 17. Nxe7 Kxe7 18. Bxc5+ Ke8 19. Qf2 Bf5 20. c3 c6 21. Rad1 h5 22. c4 Be4 23. f5 Kd8 24. cxd5 Bxd5 25. Qh4+ Kc7 26. f6 g6 27. Qf4 Qe6 28. b3 Rhe8 29. Bd6+ Kd7 30. Qb4 Qg4 31. Qxg4+ hxg4 32. Rf4 Be6 33. Bc5+ Kc7 34. Bd6+ Kd7 35. Rfd4 Kc8 36. Be7 Bd5 37. Rxg4 Kd7 38. Bd6 Ke6 39. Ra4 Rec8 40. Ra6 Kf5 41. Re1 Ke6 42. Bc5 Rc7 43. Bd6 Rb7 44. Ra4 Rb5 45. Rb4 Rxb4 46. Bxb4 a5 47. Bd6 a4 48. Rb1 axb3 49. axb3 Ra2 50. Kf1 Rxg2 51. b4 Rxh2 52. Re1 Rb2 53. Re3 Bc4+ 54. Ke1 Rb3 55. Rxb3 Bxb3 56. Ke2 Bd5 57. Kf2 Kf5 58. Kg3 g5 59. Bc7 g4 60. Bd6 Be6 1/2-1/2